Dona la volta a l'alcohol : guia de l'exposició guia de l'exposició
Descripción Física:
44 pàgines : il·lustracions ; 21 cm
Idioma:
Catalán
MARC
| LEADER | 00000nam a2200000 a 4500 | ||
|---|---|---|---|
| 001 | 25691 | ||
| 005 | 20260324181116.0 | ||
| 008 | 190513s2018 spc|||| |||| 0|0 0 cat| | ||
| 017 | |a DL B 27581-2018 |b Biblioteca de Catalunya | ||
| 080 | |a FU-69-83 | ||
| 245 | 0 | 0 | |a Dona la volta a l'alcohol : |b guia de l'exposició |
| 260 | |a Barcelona : |b Diputació de Barcelona, |c 2018 | ||
| 264 | 1 | |a Barcelona : |b Diputació de Barcelona, |c [2018] | |
| 300 | |a 44 pàgines : |b il·lustracions ; |c 21 cm | ||
| 336 | |a text |b txt |2 rdacontent | ||
| 337 | |a sense mediació |b n |2 rdamedia | ||
| 338 | |a volum |b nc |2 rdacarrier | ||
| 500 | |a Guia educativa de l'exposició "Dona la volta a l'alcohol" per treballar amb els adolescents les problemàtiques associades al consum d'alcohol | ||
| 650 | 0 | |a Adolescents |x Consum d'alcohol |2 lemac |9 53130 | |
| 650 | 0 | |a Alcoholisme |x Prevenció |9 53108 | |
| 710 | |a Barcelona (Catalunya : Província). |b Servei de Salut Pública |e entitat editora |9 52202 | ||
| 908 | |a BC | ||
| 940 | |a BC | ||
| 942 | |2 udc |c ARXIU |n 1 | ||
| 952 | |0 0 |1 0 |4 0 |7 1 |9 62086 |a Arxiu |b Arxiu |d 2022-05-27 |o FU-69-83 |p 25691 |r 2022-05-27 00:00:00 |w 2022-05-27 |y ARXIU | ||
| 999 | |c 81797 |d 81797 | ||